000 00937nam a2200301 a 4500
008
020 _a0072964200 (hbk.)
049 _aMAIN
090 _aTH145
_bPEU
100 1 _aPeurifoy, Robert L.
245 1 0 _aConstruction planning, equipment and methods /
_cRobert L. Peurifoy, Clifford J. Schexnayder and Aviad Shapira.
250 _a7th ed.
260 _aBoston :
_bMcGraw Hill,
_c2006.
300 _axiii, 768 p. :
_bill. ;
_c24 cm.
440 _aMcGraw-Hill series in civil engineering.
504 _aIncludes bibliographical references.
500 _aIncludes index.
650 _aBuilding.
650 _aCivil engineering.
650 1 _aConstruction planning.
700 _aShapira, Aviad.
700 _aSchexnayder, Clifford J.
907 _a.b10285258
_b06-04-17
_c26-10-10
003
005 20241105180604.0
040 _cNUST
942 _cBOOKS
_kTH145
_mPEU
_04
999 _c135142
_d135142